Wszystkie odpowiedzi są na - A - Statystyki

Ogólne statystyki
  • Ten quiz został rozwiązany 73 razy
  • Średni wynik to 8 z 12
Statystyki odpowiedzi
Pytanie Odpowedź % Poprawnych
Grecki bóg wojny Ares
93%
Z łaciny skrzynia, w niej Noe ocalił wszystkie zwierzęta Arka
93%
Chemiczny symbol złota Au
93%
Katolicki okres czterech niedziel przed świętami Bożego narodzenia Adwent
79%
Współczesna piosenkarka. Zaśpiewała takie piosenki jak "Set Fire to the Rain" i wiel innych Adele
77%
Ósme największe państwo na świecie Argentyna
74%
Osoba po ukończeniu danego stopnia nauki Absolwent
62%
Jedno z imion dyrektora Hogwartu Albus
57%
Rzeka posiadająca tą samą nazwie co jeden z południowych stanów Alabama
48%
Tworzony przez zmianę liter innego słowa Anagram
48%
Stolica Georgii oraz jej największe miasto Atlanta
31%
Grecka budowla kiedyś służąca do obrony miast Akropol
26%
Nie znaleziono quizów pasujących do podanych kryteriów
Rozkład punktacji
Procent ludzi z każdym wynikiem
Percentyl według liczby udzielonych odpowiedzi
Twoja historia wyników
Nie rozwiązałeś tego quizu